[Event "108th YMCA Summer B"]
[Site "Warszawa"]
[Date "2012.07.10"]
[Round "1"]
[White "Rymarowicz, Pawel"]
[Black "Bartczak, Hanna"]
[Result "1-0"]
[WhiteElo "1718"]
[BlackElo "1592"]
[PlyCount "79"]
[EventDate "2012.07.10"]
[EventType "tourn"]
[EventRounds "1"]
[EventCountry "POL"]
[SourceDate "2012.07.11"]

1. e4 d6 2. d4 Nf6 3. Nc3 Nbd7 4. f4 e5 5. Nf3 c6 6. Bc4 Be7 7. fxe5 dxe5 8.
dxe5 Ng4 9. Bxf7+ Kxf7 10. e6+ Ke8 11. exd7+ Bxd7 12. Qd4 Bf6 13. e5 Qe7 14.
Bf4 g5 15. Bg3 Rd8 16. O-O-O Bg7 17. Ne4 Be6 18. Nd6+ Kf8 19. h4 h5 20. hxg5
Bd5 21. Qf4+ Kg8 22. Nf5 Qc5 23. Qd4 Qxd4 24. Rxd4 Rf8 25. Ne7+ Kf7 26. Nxd5
cxd5 27. Rxd5 Ke6 28. Rd6+ Ke7 29. Rhd1 Rd8 30. Rxd8 Rxd8 31. Rxd8 Kxd8 32. Kd2
h4 33. Bxh4 Bxe5 34. Nxe5 Nxe5 35. g6+ Ke8 36. g7 Kf7 37. Bf2 Kxg7 38. Bd4 Kf6
39. Bxe5+ Kxe5 40. Ke3 1-0

[Event "108th YMCA Summer B"]
[Site "Warszawa"]
[Date "2012.07.10"]
[Round "1"]
[White "Jackiewicz, Jerzy"]
[Black "Rodak, Przemyslaw"]
[Result "0-1"]
[WhiteElo "1501"]
[BlackElo "1614"]
[PlyCount "124"]
[EventDate "2012.07.10"]
[EventType "tourn"]
[EventRounds "1"]
[EventCountry "POL"]
[SourceDate "2012.07.11"]

1. e4 e6 2. d4 d5 3. e5 c5 4. c3 Nc6 5. Nf3 Qb6 6. Qb3 Qxb3 7. axb3 cxd4 8.
cxd4 Bb4+ 9. Nc3 Nge7 10. Bd3 Bd7 11. O-O O-O 12. Bf4 f6 13. Bb5 a6 14. Bxc6
Nxc6 15. Na2 Be7 16. Rfd1 Rac8 17. Bd2 fxe5 18. dxe5 Bc5 19. Rac1 Nd4 20. Rxc5
Nxf3+ 21. gxf3 Rxc5 22. Bb4 Rc2 23. Bxf8 Rxb2 24. Bd6 Rxa2 25. Rc1 Bc6 26. Rd1
Rc2 27. Rd4 Be8 28. Kg2 Rc3 29. b4 Rc4 30. Bc5 Kf7 31. Kg3 Rxd4 32. Bxd4 Ke7
33. f4 Bg6 34. Kf3 Be4+ 35. Ke3 Kd7 36. Kd2 Kc6 37. Kc3 Kb5 38. Bc5 b6 39. Bf8
g6 40. Be7 h5 41. h4 Bf3 42. Bd6 Be2 43. Be7 Ka4 44. Bd6 a5 45. bxa5 Kxa5 46.
Kd4 Ka4 47. Kc3 b5 48. Kb2 b4 49. Be7 Kb5 50. Bf8 Kc4 51. Bd6 b3 52. Be7 Bd1
53. Bd8 Kd3 54. Be7 Ke4 55. Bc5 Kxf4 56. Bd4 Kg4 57. Kc1 Bc2 58. Kd2 Kxh4 59.
Ke3 Kg4 60. f3+ Kg3 61. Ke2 h4 62. Bf2+ Kg2 0-1

[Event "108th YMCA Summer B"]
[Site "Warszawa"]
[Date "2012.07.10"]
[Round "1"]
[White "Wrabel, Antoni"]
[Black "Krzyzanowski, Antoni"]
[Result "0-1"]
[WhiteElo "1683"]
[BlackElo "1729"]
[PlyCount "72"]
[EventDate "2012.07.10"]
[EventType "tourn"]
[EventRounds "1"]
[EventCountry "POL"]
[SourceDate "2012.07.11"]

1. e4 Nf6 2. Nc3 d6 3. d4 g6 4. Nf3 Bg7 5. h3 O-O 6. Be3 a6 7. a4 c6 8. Qd2 Qa5
9. Rb1 b5 10. b4 Qc7 11. a5 Nbd7 12. Be2 c5 13. bxc5 dxc5 14. e5 cxd4 15. Bxd4
Qxa5 16. exf6 Nxf6 17. O-O b4 18. Nd1 Rb8 19. Bc4 Rd8 20. Qe3 Bf5 21. Ra1 Qc7
22. Ne5 Nd5 23. Bxd5 Rxd5 24. Nf3 Bxc2 25. Bxg7 Kxg7 26. Nb2 a5 27. Rfc1 b3 28.
Nd4 Rc5 29. Na4 Rc4 30. Nb2 Rc3 31. Qe1 Rb4 32. Ne2 Rc6 33. Ra4 Qe5 34. Rxb4
axb4 35. Nd3 Bxd3 36. Rxc6 b2 0-1

[Event "108th YMCA Summer B"]
[Site "Warszawa"]
[Date "2012.07.10"]
[Round "1"]
[White "Sokur, Ivan"]
[Black "Kurowski, Andrzej"]
[Result "0-1"]
[WhiteElo "1579"]
[BlackElo "1782"]
[PlyCount "58"]
[EventDate "2012.07.10"]
[EventType "tourn"]
[EventRounds "1"]
[EventCountry "POL"]
[SourceDate "2012.07.11"]

1. d4 f5 2. c4 Nf6 3. Nc3 g6 4. Bg5 Bg7 5. Nf3 d6 6. Bxf6 Bxf6 7. e3 c5 8. Qb3
Nc6 9. dxc5 dxc5 10. Rd1 Qa5 11. Be2 e5 12. Nd2 O-O 13. O-O e4 14. Nd5 Bg7 15.
f3 exf3 16. Bxf3 Ne5 17. Ne7+ Kh8 18. Nxc8 Raxc8 19. Bd5 Rfd8 20. Qc2 Ng4 21.
Rfe1 Nxe3 22. Rxe3 Bd4 23. Rde1 f4 24. Nf3 fxe3 25. b3 Rf8 26. Re2 Rce8 27.
Bxb7 Qd2 28. Nxd4 Qxd4 29. Bf3 Qa1+ 0-1

[Event "108th YMCA Summer B"]
[Site "Warszawa"]
[Date "2012.07.11"]
[Round "1"]
[White "Herman, Monika"]
[Black "Szelejewski, Jan"]
[Result "0-1"]
[WhiteElo "1707"]
[BlackElo "1806"]
[PlyCount "118"]
[EventDate "2012.07.10"]
[EventType "tourn"]
[EventRounds "1"]
[EventCountry "POL"]
[SourceDate "2012.07.11"]

1. e4 c5 2. Nf3 d6 3. c3 Nf6 4. Be2 Nxe4 5. Qa4+ Bd7 6. Qxe4 Nc6 7. d4 cxd4 8.
Nxd4 g6 9. O-O Bg7 10. Bb5 Qb6 11. Bxc6 bxc6 12. Nd2 f5 13. Qe3 e5 14. a4 O-O
15. Nc2 Qc7 16. f3 f4 17. Qf2 Bf5 18. Ne1 d5 19. g4 Bd7 20. h4 Rae8 21. Qg2 Qc8
22. Nd3 e4 23. fxe4 f3 24. Rxf3 Rxf3 25. Qxf3 Bxg4 26. Qf4 dxe4 27. Nxe4 Rf8
28. Nd6 Qd7 29. Nc5 Qe7 30. Qc4+ Kh8 31. Bf4 Bf3 32. Bg5 Qe5 33. Nce4 h6 34.
Be3 Bxe4 35. Nxe4 Re8 36. Bd4 Qxe4 37. Bxg7+ Kxg7 38. Qxe4 Rxe4 39. Rd1 Rxa4
40. Rd7+ Kf6 41. Rd6+ Kf5 42. Rxc6 Rg4+ 43. Kf2 Rxh4 44. Ra6 Rh2+ 45. Ke3 Rxb2
46. Rxa7 h5 47. c4 h4 48. c5 Rc2 49. Kd4 h3 50. Rh7 Kg4 51. Kd5 g5 52. c6 Kg3
53. c7 h2 54. Kd6 Kg2 55. Rg7 h1=Q 56. Rxg5+ Kf3 57. Rf5+ Kg4 58. Rf6 Qc6+ 59.
Ke7 Qxc7+ 0-1

[Event "108th YMCA Summer B"]
[Site "Warszawa"]
[Date "2012.07.12"]
[Round "1"]
[White "Prus, Marek"]
[Black "Trzpil, Slawomir"]
[Result "0-1"]
[WhiteElo "1718"]
[BlackElo "1696"]
[Annotator "Admin"]
[PlyCount "90"]
[EventDate "2012.07.10"]
[EventType "tourn"]
[EventRounds "1"]
[EventCountry "POL"]
[SourceDate "2012.07.11"]

1. e4 c5 2. Nf3 Nc6 3. d4 cxd4 4. Nxd4 Nf6 5. Nc3 e6 6. Be3 Bb4 7. Bd3 d5 8.
Nxc6 bxc6 9. exd5 cxd5 10. Bd4 O-O 11. O-O Re8 12. Re1 Bd7 13. Re3 Bd6 14. Bxf6
Qxf6 15. Qf3 Qxf3 16. Rxf3 $11 Rab8 17. Nd1 e5 18. Bf5 Bc6 19. Rb3 g6 20. Bh3
f5 21. g3 Ba4 22. Rxb8 Rxb8 23. b3 Bc6 24. a4 d4 25. Bf1 Bd5 26. Nb2 Kf7 27.
Nc4 Bc7 28. Rd1 Bf3 29. Rd2 Kf6 30. Bg2 Bxg2 31. Kxg2 Rd8 32. f3 e4 33. f4 h6
34. Kf1 g5 35. fxg5+ hxg5 36. b4 f4 37. gxf4 gxf4 38. Re2 e3 39. Kg2 Kf5 40.
Kf3 Rh8 41. Nb2 Rh3+ 42. Kg2 Rxh2+ 43. Kxh2 f3+ 44. Kh3 fxe2 45. Nd3 Bd6 0-1

[Event "108th YMCA Summer B"]
[Site "Warszawa"]
[Date "2012.07.11"]
[Round "2"]
[White "Bartczak, Hanna"]
[Black "Trzpil, Slawomir"]
[Result "1/2-1/2"]
[WhiteElo "1592"]
[BlackElo "1696"]
[PlyCount "226"]
[EventDate "2012.07.10"]
[EventType "tourn"]
[EventRounds "1"]
[EventCountry "POL"]
[SourceDate "2012.07.11"]

1. d4 Nf6 2. c4 g6 3. Nc3 d5 4. cxd5 Nxd5 5. e4 Nxc3 6. bxc3 Bg7 7. Be3 c5 8.
Bb5+ Bd7 9. Bxd7+ Qxd7 10. Ne2 Nc6 11. d5 Ne5 12. Bxc5 Qb5 13. Be3 Nd3+ 14. Kd2
Qc4 15. Qb3 Qa6 16. Rab1 b6 17. Qb5+ Qxb5 18. Rxb5 Ne5 19. Bd4 Nc4+ 20. Kd3
Bxd4 21. Nxd4 Ne5+ 22. Ke2 Kd7 23. f4 Nc4 24. Kd3 Rhc8 25. Nc6 Nd6 26. Rb3 f6
27. e5 Nb7 28. Ra3 a6 29. Re1 e6 30. c4 Nc5+ 31. Kd4 f5 32. Rb1 Kc7 33. Ne7 Rd8
34. d6+ Kb7 35. Rh3 Rh8 36. Rh6 Rad8 37. Re1 Ne4 38. Re2 Nc5 39. Re3 Ne4 40. g4
Nf2 41. Rf3 Nxg4 42. Rh4 h5 43. Nxg6 Rh6 44. Ne7 Rh7 45. Kc3 Rdh8 46. h3 Nh6
47. Rxh5 Nf7 48. Rxh7 Rxh7 49. Rg3 Nd8 50. Kd4 Nc6+ 51. Nxc6 Kxc6 52. Rg6 Kd7
53. Rg3 Kc6 54. a4 Rh4 55. Rf3 a5 56. Ke3 Kc5 57. Ke2 Kxc4 58. d7 Rh8 59. Rd3
Rd8 60. Kd2 b5 61. axb5 Kxb5 62. Kc3 a4 63. Rd4 Kc5 64. Rc4+ Kb5 65. Rd4 a3 66.
Kb3 Kc5 67. Rd3 Kc6 68. Kxa3 Kc7 69. Kb4 Rb8+ 70. Kc5 Kd8 71. h4 Rb1 72. h5 Ra1
73. h6 Ra5+ 74. Kb6 Ra1 75. h7 Rh1 76. h8=Q+ Rxh8 77. Kc6 Rh7 78. Rd6 Re7 79.
Kb6 Rf7 80. Kb7 Rh7 81. Kb6 Rf7 82. Rxe6 Kxd7 83. Rd6+ Ke7 84. Rc6 Rf8 85. Kb7
Kd7 86. Rd6+ Ke7 87. Kc7 Ra8 88. Rf6 Ra4 89. Rxf5 Rc4+ 90. Kb6 Ke6 91. Rf6+ Ke7
92. f5 Rc1 93. Rc6 Re1 94. Rc7+ Kd8 95. Rc5 Kd7 96. Rd5+ Ke7 97. Kc6 Rc1+ 98.
Rc5 Rf1 99. f6+ Ke6 100. Kc7 Rd1 101. Kb6 Rb1+ 102. Ka5 Rb2 103. Ka4 Rb1 104.
Rb5 Re1 105. Kb4 Re4+ 106. Kc3 Rf4 107. Kd3 Rh4 108. Ke3 Ra4 109. Kd3 Rh4 110.
Rc5 Rg4 111. Rc4 Rg1 112. Kd4 Rd1+ 113. Kc5 Kxe5 1/2-1/2

[Event "108th YMCA Summer B"]
[Site "Warszawa"]
[Date "2012.07.13"]
[Round "2"]
[White "Szelejewski, Jan"]
[Black "Prus, Marek"]
[Result "1-0"]
[WhiteElo "1806"]
[BlackElo "1718"]
[PlyCount "47"]
[EventDate "2012.07.10"]
[EventType "tourn"]
[EventRounds "1"]
[EventCountry "POL"]
[SourceDate "2012.07.11"]

1. e4 c5 2. Nf3 h6 3. d4 cxd4 4. Nxd4 Nf6 5. Nc3 e5 6. Nf5 d6 7. Bc4 Nc6 8. O-O
Be6 9. Qe2 Bxf5 10. exf5 Be7 11. Rd1 a6 12. a4 O-O 13. Be3 Rc8 14. Nd5 Nxd5 15.
Bxd5 Qc7 16. Qg4 Kh7 17. Ra3 g5 18. fxg6+ fxg6 19. Be4 Rf6 20. Qh5 Bf8 21. Bg5
Rf5 22. Bxf5 gxf5 23. Rh3 Qg7 24. Bxh6 1-0

[Event "108th YMCA Summer B"]
[Site "Warszawa"]
[Date "2012.07.12"]
[Round "2"]
[White "Kurowski, Andrzej"]
[Black "Herman, Monika"]
[Result "1-0"]
[WhiteElo "1782"]
[BlackElo "1707"]
[PlyCount "115"]
[EventDate "2012.07.10"]
[EventType "tourn"]
[EventRounds "1"]
[EventCountry "POL"]
[SourceDate "2012.07.11"]

1. Nf3 Nf6 2. d4 e6 3. c4 Bb4+ 4. Bd2 Qe7 5. g3 d5 6. Bg2 dxc4 7. O-O a5 8. Qc2
b5 9. a4 c6 10. Ne5 Ra6 11. axb5 cxb5 12. b3 O-O 13. bxc4 bxc4 14. Qxc4 Bb7 15.
Bxb7 Qxb7 16. Bxb4 axb4 17. Nd2 Rc8 18. Qb3 Nd5 19. Rxa6 Nxa6 20. h3 Nc3 21. e3
Ne2+ 22. Kh2 Qb5 23. Rb1 Nc1 24. Qd1 Nd3 25. Qe2 Rc3 26. Rb3 Qd5 27. e4 Qxd4
28. Nxd3 Rc2 29. Qd1 Rc3 30. Nf3 Qb6 31. Rxc3 bxc3 32. Qc2 Qa5 33. Nd2 f5 34.
Nb1 fxe4 35. Nf4 Qb6 36. Nxc3 Nc5 37. Ng2 Qb4 38. Ne3 Kf7 39. Ncd1 Qd4 40. Qc4
Qxc4 41. Nxc4 Kf6 42. g4 h5 43. Kg3 hxg4 44. hxg4 g5 45. Nc3 Kg6 46. Kg2 Kf6
47. Kf1 e5 48. Ke2 Ke6 49. Ke3 Nd3 50. Nxe4 Nxf2 51. Nxf2 Kf6 52. Ke4 Kg7 53.
Kxe5 Kg6 54. Ne4 Kh6 55. Kf6 Kh7 56. Nxg5+ Kg8 57. Ne6 Kh7 58. Ne5 1-0

[Event "108th YMCA Summer B"]
[Site "Warszawa"]
[Date "2012.07.12"]
[Round "2"]
[White "Krzyzanowski, Antoni"]
[Black "Sokur, Ivan"]
[Result "1-0"]
[WhiteElo "1729"]
[BlackElo "1579"]
[PlyCount "83"]
[EventDate "2012.07.10"]
[EventType "tourn"]
[EventRounds "1"]
[EventCountry "POL"]
[SourceDate "2012.07.11"]

1. d4 e6 2. c4 c5 3. d5 exd5 4. cxd5 Nf6 5. Nc3 d6 6. e4 g6 7. f4 Qe7 8. Nf3
Nxe4 9. Qa4+ Nd7 10. Qxe4 Qxe4+ 11. Nxe4 Nb6 12. Bb5+ Bd7 13. Nf6+ Ke7 14. Nxd7
Nxd7 15. O-O Nb6 16. Rd1 Bg7 17. f5 gxf5 18. Bg5+ Kf8 19. Rd2 c4 20. Rc1 Rc8
21. b3 c3 22. Rd3 a6 23. Be3 axb5 24. Bxb6 Ra8 25. Rc2 Ra6 26. Bd4 b4 27. Nh4
f4 28. Nf5 Be5 29. Bxe5 dxe5 30. d6 Ke8 31. d7+ Kd8 32. Nd6 Ke7 33. Nxb7 Rd8
34. Nxd8 Kxd8 35. Kf2 f6 36. Kf3 f5 37. Rd5 Re6 38. Re2 Re7 39. Rexe5 Rxe5 40.
Rxe5 Kxd7 41. Rxf5 Kd6 42. Rxf4 1-0

[Event "108th YMCA Summer B"]
[Site "Warszawa"]
[Date "2012.07.12"]
[Round "2"]
[White "Rodak, Przemyslaw"]
[Black "Wrabel, Antoni"]
[Result "1/2-1/2"]
[WhiteElo "1614"]
[BlackElo "1683"]
[Annotator "Admin"]
[PlyCount "38"]
[EventDate "2012.07.10"]
[EventType "tourn"]
[EventRounds "1"]
[EventCountry "POL"]
[SourceDate "2012.07.11"]

1. d4 Nf6 2. c4 e6 3. Nc3 d5 4. Nf3 Be7 5. e3 O-O 6. Bd3 b6 7. O-O Bb7 8. b3
Nbd7 9. Bb2 c5 10. Rc1 Rc8 11. cxd5 exd5 12. dxc5 Nxc5 13. Bf5 Rb8 14. Re1 g6
15. Bh3 Nfe4 16. b4 Nxc3 17. Bxc3 Ne4 18. a3 Nxc3 19. Rxc3 f5 $11 1/2-1/2

[Event "108th YMCA Summer B"]
[Site "Warszawa"]
[Date "2012.07.12"]
[Round "2"]
[White "Rymarowicz, Pawel"]
[Black "Jackiewicz, Jerzy"]
[Result "1-0"]
[WhiteElo "1718"]
[BlackElo "1501"]
[PlyCount "21"]
[EventDate "2012.07.10"]
[EventType "tourn"]
[EventRounds "1"]
[EventCountry "POL"]
[SourceDate "2012.07.11"]

1. e4 c5 2. Nc3 Nc6 3. Bc4 Ne5 4. Bb3 c4 5. f4 cxb3 6. fxe5 bxc2 7. Qxc2 e6 8.
Nf3 Bc5 9. Nb5 Bb6 10. Nd6+ Kf8 11. Rf1 1-0

[Event "108th YMCA Summer B"]
[Site "Warszawa"]
[Date "2012.07.17"]
[Round "3"]
[White "Jackiewicz, Jerzy"]
[Black "Bartczak, Hanna"]
[Result "0-1"]
[WhiteElo "1501"]
[BlackElo "1592"]
[PlyCount "100"]
[EventDate "2012.07.10"]
[EventType "tourn"]
[EventRounds "1"]
[EventCountry "POL"]
[SourceDate "2012.07.11"]

1. e4 c6 2. d4 d5 3. e5 Bf5 4. Bd3 Bxd3 5. Qxd3 e6 6. Nf3 c5 7. b3 cxd4 8. Nxd4
Nc6 9. Nxc6 bxc6 10. O-O Bc5 11. c3 Ne7 12. Be3 Bb6 13. b4 O-O 14. Nd2 Nf5 15.
Bd4 Qc7 16. Nb3 Qe7 17. Bc5 Bxc5 18. Nxc5 a5 19. a3 Ra7 20. Nb3 axb4 21. axb4
Rfa8 22. Ra5 Rxa5 23. Nxa5 Qc7 24. f4 c5 25. g4 Ne7 26. Rf3 cxb4 27. cxb4 Qb6+
28. Kg2 Qxb4 29. Nb3 Ra2+ 30. Kh3 Ng6 31. Qc3 Qxc3 32. Rxc3 Nxf4+ 33. Kh4 Ng6+
34. Kg3 h6 35. Nc1 Ra4 36. Nd3 Re4 37. h4 Nxe5 38. Nxe5 Rxe5 39. h5 Kf8 40. Rc7
d4 41. Kf4 Rd5 42. Rc1 d3 43. Rd1 d2 44. Ke3 Ke7 45. Rxd2 Rxd2 46. Kxd2 Kf6 47.
Ke3 Ke5 48. Kf3 Kd4 49. Kf4 e5+ 50. Kf5 e4 0-1

[Event "108th YMCA Summer B"]
[Site "Warszawa"]
[Date "2012.07.17"]
[Round "3"]
[White "Wrabel, Antoni"]
[Black "Rymarowicz, Pawel"]
[Result "0-1"]
[WhiteElo "1683"]
[BlackElo "1718"]
[PlyCount "108"]
[EventDate "2012.07.10"]
[EventType "tourn"]
[EventRounds "1"]
[EventCountry "POL"]
[SourceDate "2012.07.11"]

1. e4 e6 2. d4 d5 3. Nd2 Ne7 4. Ngf3 dxe4 5. Nxe4 Nf5 6. c3 Be7 7. Bd3 b6 8.
O-O O-O 9. Bf4 Ba6 10. Bxa6 Nxa6 11. Qe2 Qc8 12. Ne5 c5 13. dxc5 Nxc5 14. Nxc5
Bxc5 15. Rad1 Be7 16. Rd2 Rd8 17. Rfd1 Rxd2 18. Rxd2 f6 19. Nf3 g5 20. Be3 Kf7
21. Rd1 Nxe3 22. Qxe3 Qc4 23. b3 Qf4 24. Qd3 Qf5 25. Qxf5 exf5 26. Kf1 a5 27.
Rd7 Ke6 28. Rb7 Bc5 29. b4 axb4 30. cxb4 Bxb4 31. Rxb6+ Bd6 32. Rb2 Ra4 33. g3
f4 34. Ne1 fxg3 35. hxg3 h5 36. Nd3 Kf5 37. Kg2 Ke4 38. Ne1 Bb4 39. Re2+ Kd4
40. Nf3+ Kd3 41. Re3+ Kc2 42. Nd4+ Kd2 43. Nf3+ Kc2 44. Nd4+ Kb1 45. Re6 Bc3
46. Nb5 Bb2 47. Nd6 Ra6 48. a4 Be5 49. f4 Rxd6 50. Rxd6 Bxd6 51. fxg5 fxg5 52.
a5 Kc2 53. a6 Bb8 54. Kf3 Kd3 0-1

[Event "108th YMCA Summer B"]
[Site "Warszawa"]
[Date "2012.07.17"]
[Round "3"]
[White "Sokur, Ivan"]
[Black "Rodak, Przemyslaw"]
[Result "0-1"]
[WhiteElo "1579"]
[BlackElo "1614"]
[PlyCount "94"]
[EventDate "2012.07.10"]
[EventType "tourn"]
[EventRounds "1"]
[EventCountry "POL"]
[SourceDate "2012.07.11"]

1. d4 d5 2. c4 c6 3. Nc3 Nf6 4. Nf3 dxc4 5. Bf4 e6 6. e3 b5 7. Be2 Bb7 8. O-O
Nbd7 9. a3 Be7 10. Qc2 O-O 11. Rfc1 a6 12. b3 cxb3 13. Qxb3 c5 14. a4 c4 15.
Qb1 b4 16. Ne5 Nxe5 17. Bxe5 Bd5 18. Bxf6 gxf6 19. Nxd5 exd5 20. e4 Rc8 21.
exd5 Qxd5 22. Qc2 c3 23. Rab1 a5 24. Rd1 Rfd8 25. Bd3 Qh5 26. Bf5 Rb8 27. g4
Qh4 28. Rd3 Bd6 29. h3 Bf4 30. d5 h5 31. Rf3 Be5 32. Qd1 Qg5 33. Bc2 hxg4 34.
hxg4 Kg7 35. Rf5 Qd2 36. Rb3 Qxd1+ 37. Bxd1 Rxd5 38. Bc2 Rd2 39. Be4 c2 40. Rh3
c1=Q+ 41. Kg2 Rh8 42. Rfh5 Rxh5 43. Rxh5 Qe1 44. Rh7+ Kf8 45. Rh8+ Ke7 46. Bc6
Qxf2+ 47. Kh3 Qg3# 0-1

[Event "108th YMCA Summer B"]
[Site "Warszawa"]
[Date "2012.07.17"]
[Round "3"]
[White "Herman, Monika"]
[Black "Krzyzanowski, Antoni"]
[Result "1-0"]
[WhiteElo "1707"]
[BlackElo "1729"]
[PlyCount "75"]
[EventDate "2012.07.10"]
[EventType "tourn"]
[EventRounds "1"]
[EventCountry "POL"]
[SourceDate "2012.07.11"]

1. e4 Nf6 2. Nc3 d6 3. d3 c5 4. Nf3 Nc6 5. h3 e6 6. Be2 Be7 7. O-O a6 8. Bd2
Qc7 9. a3 h6 10. b4 Bd7 11. Qc1 Nd4 12. bxc5 Nxe2+ 13. Nxe2 dxc5 14. Bf4 Qc8
15. Qb2 Nh5 16. Be3 O-O 17. Rab1 Rb8 18. Qe5 f5 19. Ng3 Nf6 20. exf5 Nd5 21.
fxe6 Bxe6 22. Nh5 Rf7 23. Rfe1 Nxe3 24. Rxe3 Bf5 25. Qd5 Qd7 26. Qxf7+ Kxf7 27.
Ne5+ Kf8 28. Nxd7+ Bxd7 29. Nxg7 c4 30. Ne6+ Kf7 31. Rbe1 Bxa3 32. Rf3+ Kg8 33.
Rg3+ Kh8 34. Re4 cxd3 35. Rh4 Bc1 36. f4 Bxf4 37. Nxf4 Kh7 38. Rg6 1-0

[Event "108th YMCA Summer B"]
[Site "Warszawa"]
[Date "2012.07.17"]
[Round "3"]
[White "Prus, Marek"]
[Black "Kurowski, Andrzej"]
[Result "1-0"]
[WhiteElo "1718"]
[BlackElo "1782"]
[PlyCount "63"]
[EventDate "2012.07.10"]
[EventType "tourn"]
[EventRounds "1"]
[EventCountry "POL"]
[SourceDate "2012.07.11"]

1. e4 e6 2. d4 d5 3. Nd2 Nf6 4. e5 Nfd7 5. Bd3 c5 6. c3 Nc6 7. Ne2 cxd4 8. cxd4
f6 9. exf6 Nxf6 10. O-O Bd6 11. Nf3 Qc7 12. Re1 O-O 13. Ng3 Bd7 14. Qc2 Qb6 15.
Qd1 Rac8 16. a3 Rce8 17. b4 e5 18. dxe5 Ng4 19. exd6 Nxf2 20. Bxh7+ Kh8 21.
Rxe8 Nxd1+ 22. Be3 Nxe3 23. Rxf8+ Kxh7 24. Kh1 Nd4 25. Ne5 Ng4 26. Nxd7 Qxd6
27. Rd8 Qc7 28. Nf8+ Kh6 29. Rxd5 g6 30. Rf1 Ne2 31. Rd7 Qc1 32. Rh7+ 1-0

[Event "108th YMCA Summer B"]
[Site "Warszawa"]
[Date "2012.07.18"]
[Round "3"]
[White "Trzpil, Slawomir"]
[Black "Szelejewski, Jan"]
[Result "1-0"]
[WhiteElo "1696"]
[BlackElo "1806"]
[PlyCount "155"]
[EventDate "2012.07.10"]
[EventType "tourn"]
[EventRounds "1"]
[EventCountry "POL"]
[SourceDate "2012.07.11"]

1. e4 c5 2. Nf3 d6 3. d4 cxd4 4. Nxd4 Nf6 5. Nc3 a6 6. Be2 e6 7. O-O Be7 8. Kh1
Nc6 9. f4 Qc7 10. Be3 O-O 11. a3 b5 12. e5 Nd5 13. Nxd5 exd5 14. Nxc6 Qxc6 15.
Qd4 dxe5 16. fxe5 Be6 17. c3 Rac8 18. Rad1 Bc5 19. Qf4 Bxe3 20. Qxe3 Qc5 21.
Rd4 a5 22. Qg5 b4 23. axb4 axb4 24. Rxb4 Rb8 25. Rxb8 Rxb8 26. Qd2 Qb6 27. b4
Rc8 28. Rc1 d4 29. c4 Qb8 30. Qxd4 Qxb4 31. h3 Qc5 32. Qf4 Rd8 33. Rb1 Qa7 34.
Qc1 Qd4 35. Qg5 h6 36. Qe7 Rc8 37. Qd6 Qf4 38. c5 Bxh3 39. Rf1 Bxg2+ 40. Kxg2
Qg5+ 41. Kh3 Rd8 42. Qc7 Rd4 43. Qxf7+ Kh8 44. Qf8+ Kh7 45. Qf5+ Qxf5+ 46. Rxf5
Kg6 47. Bg4 Rd3+ 48. Rf3 Rd4 49. e6 h5 50. Bf5+ Kf6 51. Kg3 h4+ 52. Kh3 g6 53.
Bg4+ Ke7 54. Rf7+ Ke8 55. Kxh4 Rc4 56. Rc7 Kd8 57. Rd7+ Ke8 58. Rc7 Kd8 59. e7+
Ke8 60. Kg5 Rd4 61. c6 Rd5+ 62. Kxg6 Rd6+ 63. Kg7 Rg6+ 64. Kh7 Rxg4 65. Ra7 Re4
66. Kg8 Rg4+ 67. Kh7 Re4 68. c7 Kd7 69. Kg6 Re1 70. c8=Q+ Kxc8 71. Kf7 Rf1+ 72.
Ke8 Rf2 73. Ra4 Rc2 74. Re4 Rh2 75. Rc4+ Kb8 76. Kd7 Rh7 77. Rb4+ Ka7 78. Kd8
1-0

[Event "108th YMCA Summer B"]
[Site "Warszawa"]
[Date "2012.07.20"]
[Round "4"]
[White "Bartczak, Hanna"]
[Black "Szelejewski, Jan"]
[Result "0-1"]
[WhiteElo "1592"]
[BlackElo "1806"]
[PlyCount "62"]
[EventDate "2012.07.10"]
[EventType "tourn"]
[EventRounds "1"]
[EventCountry "POL"]
[SourceDate "2012.07.11"]

1. d4 d5 2. c4 c6 3. cxd5 cxd5 4. Nc3 Nf6 5. Nf3 Nc6 6. Bf4 a6 7. e3 Bg4 8. Be2
e6 9. h3 Bxf3 10. Bxf3 Bd6 11. Bxd6 Qxd6 12. O-O O-O 13. Qd2 Rfc8 14. Rfc1 Rc7
15. Na4 Nd7 16. b4 Re8 17. Nc5 Qe7 18. Nxb7 Rxb7 19. Rxc6 Rxb4 20. Rxa6 Reb8
21. Rc6 Rb2 22. Qc3 Qh4 23. Rc8+ Nf8 24. Rxb8 Qxf2+ 25. Kh2 Rxb8 26. a4 Rb2 27.
a5 Rc2 28. Qb3 Rb2 29. Qa3 g5 30. Rc1 Ra2 31. Qb4 Qxf3 0-1

[Event "108th YMCA Summer B"]
[Site "Warszawa"]
[Date "2012.07.19"]
[Round "4"]
[White "Kurowski, Andrzej"]
[Black "Trzpil, Slawomir"]
[Result "1-0"]
[WhiteElo "1782"]
[BlackElo "1696"]
[PlyCount "43"]
[EventDate "2012.07.10"]
[EventType "tourn"]
[EventRounds "1"]
[EventCountry "POL"]
[SourceDate "2012.07.11"]

1. d4 Nf6 2. c4 g6 3. Nc3 d5 4. cxd5 Nxd5 5. e4 Nxc3 6. bxc3 Bg7 7. Nf3 O-O 8.
Be2 c5 9. Rb1 Nc6 10. d5 Bxc3+ 11. Bd2 Bxd2+ 12. Qxd2 Nb8 13. h4 Nd7 14. h5 Nf6
15. e5 Ne4 16. Qh6 Qa5+ 17. Kf1 Bf5 18. g4 Ng3+ 19. fxg3 Bxb1 20. Ng5 gxh5 21.
Nxh7 Bg6 22. Nf6+ 1-0

[Event "108th YMCA Summer B"]
[Site "Warszawa"]
[Date "2012.07.19"]
[Round "4"]
[White "Krzyzanowski, Antoni"]
[Black "Prus, Marek"]
[Result "1-0"]
[WhiteElo "1729"]
[BlackElo "1718"]
[PlyCount "45"]
[EventDate "2012.07.10"]
[EventType "tourn"]
[EventRounds "1"]
[EventCountry "POL"]
[SourceDate "2012.07.11"]

1. d4 Nf6 2. c4 g6 3. Nc3 Bg7 4. e4 d6 5. f4 c5 6. d5 O-O 7. Nf3 b5 8. cxb5 a6
9. bxa6 Bxa6 10. Bxa6 Nxa6 11. O-O Qa5 12. Kh1 Rfb8 13. Nd2 Nb4 14. e5 Ne8 15.
Nc4 Qa6 16. b3 dxe5 17. fxe5 f5 18. Bg5 Rb7 19. a3 Rba7 20. Rc1 h6 21. Be3 Rc7
22. axb4 cxb4 23. Na4 1-0

[Event "108th YMCA Summer B"]
[Site "Warszawa"]
[Date "2012.07.19"]
[Round "4"]
[White "Rodak, Przemyslaw"]
[Black "Herman, Monika"]
[Result "1-0"]
[WhiteElo "1614"]
[BlackElo "1707"]
[PlyCount "83"]
[EventDate "2012.07.10"]
[EventType "tourn"]
[EventRounds "1"]
[EventCountry "POL"]
[SourceDate "2012.07.11"]

1. d4 Nf6 2. c4 e6 3. Nc3 Bb4 4. e3 O-O 5. Bd2 d5 6. Nf3 c5 7. a3 cxd4 8. Nxd4
Bxc3 9. Bxc3 Ne4 10. Bb4 Qf6 11. Qf3 Re8 12. Be2 a6 13. O-O Nc6 14. Nxc6 bxc6
15. Qxf6 Nxf6 16. Rac1 Bd7 17. cxd5 cxd5 18. Rc7 Ba4 19. Rfc1 Reb8 20. f3 h6
21. Bc3 Ne8 22. Rc5 Bb5 23. Bxb5 axb5 24. Be5 Rb6 25. Rc8 Rxc8 26. Rxc8 Kf8 27.
Bd4 Rd6 28. Bc5 Ke7 29. Rxe8+ Kxe8 30. Bxd6 h5 31. Kf2 Kd7 32. Bf8 g6 33. Ke2
Kc6 34. Kd3 Kd7 35. Kd4 Kc6 36. Ke5 Kd7 37. Kf6 Ke8 38. Bb4 Kd7 39. Kxf7 e5 40.
Kxg6 d4 41. exd4 exd4 42. Kxh5 1-0

[Event "108th YMCA Summer B"]
[Site "Warszawa"]
[Date "2012.07.19"]
[Round "4"]
[White "Rymarowicz, Pawel"]
[Black "Sokur, Ivan"]
[Result "1-0"]
[WhiteElo "1718"]
[BlackElo "1579"]
[PlyCount "63"]
[EventDate "2012.07.10"]
[EventType "tourn"]
[EventRounds "1"]
[EventCountry "POL"]
[SourceDate "2012.07.11"]

1. d4 e6 2. Bf4 d5 3. Nf3 c5 4. e3 Nc6 5. c3 Qb6 6. Qc2 Nf6 7. h3 cxd4 8. exd4
Be7 9. Nbd2 Bd7 10. Bd3 Rc8 11. a3 Na5 12. O-O Bb5 13. Rfb1 Nh5 14. Be5 f6 15.
Bh2 f5 16. Bxf5 exf5 17. Qxf5 Bd7 18. Qxh5+ g6 19. Qe5 Rf8 20. Qxd5 Be6 21. Qe5
Nb3 22. Nxb3 Qxb3 23. Re1 Kf7 24. Re2 Bf6 25. Ng5+ Bxg5 26. Qxg5 Kg7 27. Rae1
Rf5 28. Be5+ Kg8 29. Qh6 Rf7 30. Bd6 Bd7 31. Re7 Rcf8 32. Rxd7 1-0